Management of Non-Governmental Organization (Record no. 189181)

MARC details
000 -LEADER
fixed length control field 00398nam a22001577a 4500
003 - CONTROL NUMBER IDENTIFIER
control field OSt
020 ## - INTERNATIONAL STANDARD BOOK NUMBER
International Standard Book Number 9789382007296
082 ## - DEWEY DECIMAL CLASSIFICATION NUMBER
Classification number 658.1
Item number VEL/MA
100 ## - MAIN ENTRY--PERSONAL NAME
Personal name M Velusamy
245 ## - TITLE STATEMENT
Title Management of Non-Governmental Organization
250 ## - EDITION STATEMENT
Edition statement 1st
260 ## - PUBLICATION, DISTRIBUTION, ETC. (IMPRINT)
Place of publication, distribution, etc. New Delhi
Name of publisher, distributor, etc. Dominat Publishers & Distributors Pvt :Ltd
Date of publication, distribution, etc. 2013
300 ## - PHYSICAL DESCRIPTION
Extent 290
650 ## - SUBJECT ADDED ENTRY--TOPICAL TERM
Topical term or geographic name as entry element Management Techniques
942 ## - ADDED ENTRY ELEMENTS (KOHA)
Source of classification or shelving scheme Dewey Decimal Classification
Koha item type Books (General)
Holdings
Withdrawn status Lost status Source of classification or shelving scheme Damaged status Not for loan Home library Current library Date acquired Cost, normal purchase price Total Checkouts Full call number Date last seen Price effective from Koha item type
    Dewey Decimal Classification     College of Co-operation, Banking & Management Library, Vellanikkara College of Co-operation, Banking & Management Library, Vellanikkara 19/12/2015 0.00   658.1 VEL/MA 19/12/2015 19/12/2015 Books (General)
Kerala Agricultural University Central Library
Thrissur-(Dt.), Kerala Pin:- 680656, India
Ph : (+91)(487) 2372219
E-mail: librarian@kau.in
Website: http://library.kau.in/